Person By Google Hits Quiz Stats

 Plays Quiz not verified by Sporcle

Also try: What's in a BLT?
Challenge
Share
Tweet
Embed
Score 0/20 Timer 05:00
0 Plays Today
Hits Who Is It? % Correct
????
100%
????
45%
????
45%
????
45%
????
45%
????
45%
????
45%
????
40%
????
35%
????
25%
Hits Who Is It? % Correct
????
20%
????
20%
????
20%
????
20%
????
15%
????
10%
????
10%
????
10%
????
10%
????
10%

You're not logged in!

Compare scores with friends on all Sporcle quizzes.
Join for Free
OR
Log In

You Might Also Like...

Show Comments

Extras

Created Mar 9, 2011ReportNominate
Tags:google, hit, person

Top Quizzes Today


Score Distribution

Your Account Isn't Verified!

In order to create a playlist on Sporcle, you need to verify the email address you used during registration. Go to your Sporcle Settings to finish the process.

Report this User

Report this user for behavior that violates our Community Guidelines.

Details: